Open Data Biblioteca Nacional de Portugal


República Portuguesa: Ministério da Cultura
Biblioteca Nacional de Portugal

Catálogo da BNP: acesso por Identificadores Unívocos
Registos Bibliográficos associados ao registo de autoridade

Etiqueta de registo: 00254nam 2200025 450
001 2287828
003 http://id.bnportugal.gov.pt/bib/catbnp/2287828
100 ## $a20260616d2025 k y0pory01030103ba
101 0# $apor$deng
102 ## $aPT
105 ## $ay m 001yy
106 ## $ar
200 1# $a A receção crítica de Dante Alighieri em Portugal dos primórdios do século XX até aos nossos dias$fAna Beatriz Nunes Andrade$gorient. Rita Maria da Silva Marnoto
210 #9 $aCoimbra$c[s.n.],$d2025
215 ## $a287 p.$d30 cm
328 #1 $aTese dout. Línguas Modernas : Culturas, Literaturas, Tradução (Culturas e Literaturas), Faculdade de Letras da Universidade de Coimbra, 2025
700 #1 $aAndrade,$bAna Betariz Nunes$32000543
702 #1 $aMarnoto,$bRita,$f1957-$4727$3169512
801 #0 $aPT$bBN$gRPC
966 ## $lBN$mFGMON$x1
971 ## $cisantos$d20260615

OpendataBNP@bnportugal.pt | Mais informação sobre acesso aos dados BNP